Konkurencieschopnosť malých a stredných podnikov v ére globalizácie svetového hospodárstva

Vo svetovom trhovom procese vládne inovácia ako prvotné uvedenie produktu na trh, alebo nového výrobného procesu Nevyhnutnosť, aby na Slovensku nastalo zosúladenie potrieb podnikovej praxe a výskumných pracovísk za účelom dosiahnutia konkurenčnej výhody založenej na sofistikovanej produkcii, znalost...

Descripción completa

Guardado en:
Detalles Bibliográficos
Autor principal: Pavlík, Adrián
Formato: Capítulo de libro
Lenguaje:eslovaco
Materias:
Etiquetas: Agregar Etiqueta
Sin Etiquetas, Sea el primero en etiquetar este registro!

MARC

LEADER 00000naa$a2200000$$$4500
001 0045859
005 20240502071530.7
041 0 |a slo 
044 |a SK 
245 1 0 |a Konkurencieschopnosť malých a stredných podnikov v ére globalizácie svetového hospodárstva  |c Adrián Pavlík 
520 |a Vo svetovom trhovom procese vládne inovácia ako prvotné uvedenie produktu na trh, alebo nového výrobného procesu Nevyhnutnosť, aby na Slovensku nastalo zosúladenie potrieb podnikovej praxe a výskumných pracovísk za účelom dosiahnutia konkurenčnej výhody založenej na sofistikovanej produkcii, znalostiach a inováciách. 
610 2 0 |a konkurencieschopnosť 
610 2 0 |a podnikanie malé 
610 2 0 |a podnikanie stredné 
610 2 0 |a globalizácia 
610 2 0 |a veda 
610 2 0 |a výskum 
610 2 0 |a inovácia 
100 1 |a Pavlík, Adrián